| 000 | 00662nam a22001935a 4500 | ||
|---|---|---|---|
| 005 | 20161225132705.0 | ||
| 008 | 161225t2007 caua fr 000 0 eng d | ||
| 020 | _a | ||
| 040 |
_aEG-ScBUE _beng _cEG-ScBUE _dEG-ScBUE |
||
| 082 | 0 | 4 |
_222 _a617.695 _bMCL |
| 100 | 1 | _aMcLaren, Edward A. | |
| 245 | 1 | 4 |
_aThe art of passion : _ba photographic journey : teeth, ceramics, faces, and places / _cEdward A. McLaren. |
| 250 | _a1st ed. | ||
| 260 |
_a[Beverly Hills] : _bEdward A. McLaren, _cc.2007. |
||
| 300 |
_a112 p. : _bill. ; _c29 x 39 cm. |
||
| 650 | 7 |
_2BUEsh _939533 _aDental ceramics. |
|
| 653 |
_bDDent _cDecember2016 |
||
| 942 | _2ddc | ||
| 999 |
_c23736 _d23708 |
||